| 000 | 00000nas##2200000za#4500 |
| 001 | 9.509054 |
| 003 | CaOODSP |
| 005 | 20210615082505 |
| 007 | ta |
| 008 | 150406c1994||||xxc|| m #||||f| |0eng|d |
| 040 | |aCaOODSP|beng |
| 041 | |aeng |
| 041 | |afre |
| 043 | |an-cn--- |
| 086 | 1 |aC21-25 |
| 110 | 1 |aCanada. |bIndustry Canada. |
| 245 | 10|aDiscussion paper / |cIssued by Micro-Economic Policy Analysis. |
| 260 | |aOttawa - Ontario : |bIndustry Canada |
| 500 | |aCanadian cataloguing in publication data printed in these publications. |
| 520 | 3 |aThese research papers analyze key micro-economic challenges in the Canadian economy, contributing to an informed public debate on these issues. This series features peer-reviewed analytical working papers or policy-related discussion papers written by specialists on micro-economic issues of broad importance |
| 546 | |aBilingual |
| 563 | |aSoftcover |
| 776 | 0#|tDocument de discussion |w(CaOODSP)9.500838 |
| 776 | 0#|tDiscussion paper |w(CaOODSP)9.504417 |
| 792 | |tDocument de discussion / |efre|w(CaOODSP)9.509055 |